| 000 | 00949nam a2200301Ia 4500 | ||
|---|---|---|---|
| 005 | 20250117103637.0 | ||
| 008 | 008 250103s9999 xx 000 0 eng d | ||
| 020 | _a9781032056746 | ||
| 037 | _aTextual | ||
| 040 |
_aCSL _beng _cCSL |
||
| 041 |
_aeng _2eng |
||
| 084 |
_aCN R3 _qCSL |
||
| 100 |
_aBruma, Paul _9732082 |
||
| 245 | 0 |
_aIntroduction to relativity: In-Depth and accessible _cBruma, Paul |
|
| 260 |
_aBoca raton _bCRC Press/T&F New york _c2023 |
||
| 300 | _axvi,275p. ill. | ||
| 650 |
_a Complement to the principles of relativity _9734446 |
||
| 650 |
_a Complements and case studies _9734447 |
||
| 650 |
_a General case _9734448 |
||
| 650 |
_a Methodological considerations _9734449 |
||
| 650 |
_a Nuclear reactions _9714332 |
||
| 650 |
_a Stellar aberrations _9734450 |
||
| 650 | _a Supplements | ||
| 650 |
_a Tensors _9713694 |
||
| 650 | _aPhysics | ||
| 942 |
_cTEXL _hCN R3 |
||
| 999 |
_c1237957 _d1237957 |
||